| Tag |
First Indicator |
Second Indicator |
Subfields |
| LEADER |
00000cam a2200000 a 4500 |
| 001 |
in00000990485 |
| 005 |
20160108111430.0 |
| 008 |
940421q19601969ja a b 000 0 eng d |
| 035 |
|
|
|a (OCoLC)30308252
|
| 035 |
|
|
|9 AEY1545AM
|
| 040 |
|
|
|a TXA
|c TXA
|d UtOrBLW
|
| 049 |
|
|
|a TXAM
|
| 090 |
|
|
|a NA737.W7
|b F55 1960
|
| 245 |
0 |
0 |
|a F.Ll. Wright.
|
| 264 |
|
1 |
|a [Tokyo] :
|b Bijutsu Shuppan-sha,
|c between 1960 and 1969?
|
| 300 |
|
|
|a 2 volumes :
|b illustrations (some color) ;
|c 27 cm.
|
| 336 |
|
|
|a text
|b txt
|2 rdacontent
|
| 337 |
|
|
|a unmediated
|b n
|2 rdamedia
|
| 338 |
|
|
|a volume
|b nc
|2 rdacarrier
|
| 490 |
1 |
|
|a Contemporary architects series
|
| 500 |
|
|
|a "Contemporary Architects Series : Frank Lloyd Wright -- Photo : Yukio Futagawa/Text : Shizutaro Urabe. Taro Amano -- Publisher : Bijutsu Shuppan-sha"--Jkt. volume 1.
|
| 500 |
|
|
|a "Text : Tsutomu Ikuta. Hiroshi Misawa"--Jkt. vol 2.
|
| 500 |
|
|
|a Title from jacket.
|
| 504 |
|
|
|a Includes bibliographical references.
|
| 600 |
1 |
0 |
|a Wright, Frank Lloyd,
|d 1867-1959.
|
| 650 |
|
0 |
|a Architecture, American.
|
| 650 |
|
0 |
|a Architecture
|z United States
|x History
|y 20th century.
|
| 700 |
1 |
|
|a Futagawa, Yukio,
|d 1932-2013.
|
| 700 |
1 |
|
|a Urabe, Shizutarō,
|d 1909-1992.
|
| 700 |
1 |
|
|a Amano, Taro.
|
| 700 |
1 |
|
|a Ikuta, Tsutomu,
|d 1912-1980.
|
| 700 |
1 |
|
|a Misawa, Hiroshi,
|d 1930-
|
| 830 |
|
0 |
|a Contemporary architects series.
|
| 999 |
|
|
|a MARS
|
| 999 |
f |
f |
|s 8329875b-0880-36b4-a6dd-2a903b9ef20b
|i f4026809-cc18-33e2-96cb-aec00e004a60
|t 0
|
| 952 |
f |
f |
|p ric
|a Texas A&M University
|b Rellis Campus
|c Joint Library Facility
|d Remote Storage
|t 0
|e NA737.W7 F55 1960
|h Library of Congress classification
|i unmediated -- volume
|k 2
|m A14822125027
|
| 952 |
f |
f |
|p ric
|a Texas A&M University
|b Rellis Campus
|c Joint Library Facility
|d Remote Storage
|t 0
|e NA737.W7 F55 1960
|h Library of Congress classification
|i unmediated -- volume
|k 1
|m A14817974186
|
| 998 |
f |
f |
|a NA737.W7 F55 1960
|t 0
|l Remote Storage
|